Contemporary nutrition
Contemporary Nutrition Sixth Edition Update is designed for students with little or no background in college-level biology, chemistry or physiology. Updated to include the new 2005 Dietary Guidelines & MyPyramid information, Contemporary Nutrition will provide students who lack a strong science...
Kaydedildi:
| Yazar: | |
|---|---|
| Materyal Türü: | Kitap |
| Dil: | Undetermined |
| Baskı/Yayın Bilgisi: |
Boston
McGraw-Hill Higher Education
2006
|
| Konular: | |
| Etiketler: |
Etiketle
Etiket eklenmemiş, İlk siz ekleyin!
|
| Thư viện lưu trữ: | Trung tâm Học liệu Trường Đại học Cần Thơ |
|---|
| LEADER | 01125nam a2200205Ia 4500 | ||
|---|---|---|---|
| 001 | CTU_149011 | ||
| 008 | 210402s9999 xx 000 0 und d | ||
| 082 | |a 613.2 | ||
| 082 | |b W266 | ||
| 100 | |a Wardlaw, Gordon M. | ||
| 245 | 0 | |a Contemporary nutrition | |
| 245 | 0 | |c Gordon M. Wardlaw, Anne M Smith | |
| 260 | |a Boston | ||
| 260 | |b McGraw-Hill Higher Education | ||
| 260 | |c 2006 | ||
| 520 | |a Contemporary Nutrition Sixth Edition Update is designed for students with little or no background in college-level biology, chemistry or physiology. Updated to include the new 2005 Dietary Guidelines & MyPyramid information, Contemporary Nutrition will provide students who lack a strong science background the ideal balance of reliable nutrition information and practical consumer-oriented knowledge. With his friendly writing style, Gordon Wardlaw acts as the student's personal guide to dispelling common misconceptions and to gaining a solid foundation for making informed nutrition choices. | ||
| 650 | |a Nutrition | ||
| 650 | |x Textbooks | ||
| 904 | |i Năm | ||
| 980 | |a Trung tâm Học liệu Trường Đại học Cần Thơ | ||